|
|
|
|
| LEADER |
00901nam a2200229 a 4500 |
| 001 |
54033891 |
| 008 |
091015s2003 ii b 001 0 eng d |
| 020 |
|
|
|a 8185604606
|
| 040 |
|
|
|a CVU
|c CVU
|d EEM
|
| 082 |
0 |
0 |
|a 305.4/0954
|2 21
|
| 100 |
1 |
|
|a Chanda, Ipsita.
|
| 245 |
1 |
0 |
|a Packaging freedom :
|b feminism and popular culture /
|c Ipshita Chanda.
|
| 260 |
|
|
|a Kolkata :
|b Stree,
|c 2003.
|
| 300 |
|
|
|a xxiii, 195 p. ;
|c 22 cm
|
| 504 |
|
|
|a Includes bibliographical references and index.
|
| 541 |
1 |
|
|e 00019380
|
| 650 |
|
0 |
|a Women
|z India
|x Social conditions
|
| 650 |
|
0 |
|a Feminism
|z India.
|
| 650 |
|
0 |
|a Popular culture
|z India.
|
| 852 |
4 |
|
|a Ayesha Abed Library
|j General shelf
|
| 999 |
|
|
|c 4588
|d 4588
|
| 952 |
|
|
|0 0
|1 0
|2 ddc
|4 0
|6 305_409540000000000_CHA
|7 0
|9 4373
|a BRACUL
|b BRACUL
|c GEN
|d 2009-10-15
|l 2
|o 305.40954 CHA
|p 3010019380
|r 2026-03-02
|s 2026-02-23
|t 1
|w 2009-10-15
|y BK
|x Transferred from ENH to Ayesha Abed library on 20/12/2023
|